• 首页
  • 本馆介绍
  • 公告通知
  • 最新文献
  • 馆藏检索
  • 电子资源
  • 读者导购
  • 参考咨询
  • 我的图书馆
  • 登录
  • 详细信息显示
  • 放入我的书架
  • 预约/预借图书
  • 作者相关作品
  • 分类相关作品
  • 丛书相关作品
  • 出版社相关作品

书目信息

  • 表格格式
  • 工作单格式
  • 卡片格式
题名:
动态企业战略
    
 
作者: 金寅镐 , 路江涌 , 武亚军 著
分册:  
出版信息: 北京   北京大学出版社  2013
页数: 212页
开本: 26cm
丛书名:
单 册:
中图分类: F272.1
科图分类:
主题词: 企业战略--研究生--教材 , 企业战略
电子资源:
ISBN: 978-7-301-21393-3
000 01140nam0 2200301 450
001 523
005 20140909091536.84
010    @a978-7-301-21393-3@dCNY32.00
100    @a20130422d2013 em y0chiy50 ea
101 1  @achi@ceng
102    @aCN@b110000
105    @ay z 000yy
106    @ar
200 1  @a动态企业战略@e最佳商业范式的发现和实现@dDynamic corporate strategy@ediscovery and realization of the best commercial paradigm@f(韩)金寅镐,路江涌,武亚军著@zeng
210    @a北京@c北京大学出版社@d2013
215    @a212页@d26cm
300    @a21世纪管理学研究生规划教材
330    @a本书系统介绍了企业战略从制定到实施的过程,内容包括:影响企业绩效的因素、管理学视角的演变、消费者需求进化、消费者支付意愿函数、最佳商业范式、需求进化模型等。
510 1  @aDynamic corporate strategy@ediscovery and realization of the best commercial paradigm@zeng
517 1  @a最佳商业范式的发现和实现
606 0  @a企业战略@x研究生@j教材
606 0  @a企业战略
690    @aF272.1@v5
701  0 @c(韩)@a金寅镐@4著
701  0 @a路江涌@4著
701  0 @a武亚军@4著
801  0 @aCN@bTANGWEI@c20140603
905    @b0843041-43@dF272.1@e1013@f3
    
    动态企业战略:最佳商业范式的发现和实现=Dynamic corporate strategy:discovery and realization of the best commercial paradigm/(韩)金寅镐,路江涌,武亚军著.-北京:北京大学出版社,2013
    212页;26cm
    21世纪管理学研究生规划教材
    
    ISBN 978-7-301-21393-3:CNY32.00
    本书系统介绍了企业战略从制定到实施的过程,内容包括:影响企业绩效的因素、管理学视角的演变、消费者需求进化、消费者支付意愿函数、最佳商业范式、需求进化模型等。
●
相关链接 在E读中查询图书 在五车中查询图书 在当当中查询图书 在豆瓣中查询图书


正题名:动态企业战略     索取号:F272.1/1013         预约/预借

序号 登录号 条形码 馆藏地/架位号 状态 备注
1 0843041   208430410   第一样本阅览室/ [索取号:F272.1/1013] 在馆    
2 0843042   208430429   第一借阅区/ [索取号:F272.1/1013] 在馆    
3 0843043   208430438   密集书库-海洋学院/ [索取号:F272.1/1013] 在馆    
唐山师范学院图书馆 欢迎您!
大连网信软件有限公司© 版权所有